[Event "4NCL 3 South pool A"]
[Site "Maidenhead, ENG"]
[Date "2019.11.09"]
[Round "1.26"]
[White "Faulks, Nick"]
[Black "Gibson, Christopher A"]
[Result "0-1"]
[WhiteElo "1918"]
[BlackElo "1851"]
[PlyCount "66"]
[EventDate "2019.11.09"]
[WhiteTeam "Surbiton"]
[BlackTeam "The Rookies"]

1. e4 c5 2. Nf3 Nc6 3. Nc3 Nf6 4. e5 Ng4 5. Qe2 d6 6. exd6 e6 7. Nb5 Bxd6 8.
Nxd6+ Qxd6 9. d3 O-O 10. Bd2 Nf6 11. O-O-O e5 12. Kb1 Re8 13. Ng5 Nd4 14. Ne4
Nxe4 15. Qxe4 Bf5 16. Qh4 c4 17. Bc3 Rad8 18. Kc1 Qa6 19. a3 cxd3 20. Rxd3 Bxd3
21. Bxd3 Nb3+ 22. Kb1 Rxd3 23. cxd3 Qxd3+ 24. Ka2 Qd5 25. Qg5 f6 26. Qe3 b6 27.
f4 Nd4+ 28. Kb1 Qxg2 29. Rg1 Qc2+ 30. Ka2 Qb3+ 31. Kb1 Nb5 32. Re1 Nxa3+ 33.
Ka1 Nc2+ 0-1

[Event "4NCL 3 South pool A"]
[Site "Maidenhead, ENG"]
[Date "2019.11.09"]
[Round "1.31"]
[White "Dos Santos Oliveira, Sancho"]
[Black "Harley, Andrew D"]
[Result "1-0"]
[WhiteElo "2267"]
[BlackElo "2198"]
[PlyCount "163"]
[EventDate "2019.11.09"]
[WhiteTeam "CSC 1"]
[BlackTeam "Poisoned Pawns 1"]

1. e4 e6 2. d4 d5 3. Nc3 Bb4 4. e5 c5 5. a3 Bxc3+ 6. bxc3 Ne7 7. Qg4 O-O 8. Bd3
f5 9. exf6 Rxf6 10. Bg5 Rf7 11. Qh5 g6 12. Qd1 Qa5 13. Bd2 Nd7 14. Nf3 Nc6 15.
O-O c4 16. Be2 Nf6 17. Ng5 Re7 18. f4 h6 19. Nh3 Ne4 20. Bf3 Nxd2 21. Qxd2 Kg7
22. Nf2 Bd7 23. Ng4 Rh8 24. Rfe1 Qc7 25. Ne5 Qd6 26. Bg4 Rf8 27. g3 Nxe5 $11
28. Rxe5 b5 29. Qe3 a5 30. h4 Rf6 31. Qd2 Re8 32. Kg2 Rb8 33. Re2 Rb6 34. Qe3
Bc8 35. Qe5 Qxe5 36. Rxe5 Bd7 37. Kf2 Rf8 38. Ke2 Kf6 39. Kd2 Rg8 40. Rb1 h5
41. Bh3 Rgb8 42. Rbe1 Ra6 43. Ra1 Rab6 44. Ree1 b4 45. axb4 axb4 46. Ra7 R8b7
47. Rxb7 Rxb7 48. Ra1 bxc3+ 49. Kxc3 Rb8 50. Kd2 Ke7 51. Bg2 Rb4 $11 52. Kc3
Ra4 53. Rxa4 Bxa4 54. Kd2 Kf6 55. Bh3 Ke7 56. Kc3 Kf6 57. Kb2 Ke7 58. Bg2 Kf6
59. Kc3 Ke7 60. Bf3 Kd6 61. Bd1 Be8 62. Kb4 Ke7 63. c3 Kf6 64. Bc2 Bc6 65. Kc5
Be8 66. Kd6 Bb5 67. Bd1 Kf5 68. Ke7 Ke4 69. Kxe6 Kd3 70. Kxd5 Kxc3 71. Kc5 Ba6
72. d5 Kd2 73. Ba4 c3 74. d6 Bc8 75. Kc6 c2 76. Bxc2 Kxc2 77. d7 Bxd7+ 78. Kxd7
Kd3 79. Ke6 Ke4 80. Kf6 Kf3 81. Kxg6 Kxg3 82. Kg5 1-0

[Event "4NCL 3 South pool A"]
[Site "Maidenhead, ENG"]
[Date "2019.11.09"]
[Round "1.32"]
[White "Davison, Chris"]
[Black "Farrand, Tom"]
[Result "0-1"]
[WhiteElo "2044"]
[BlackElo "2150"]
[PlyCount "78"]
[EventDate "2019.11.09"]
[WhiteTeam "Poisoned Pawns 1"]
[BlackTeam "CSC 1"]

1. e4 c5 2. Nf3 e6 3. d4 cxd4 4. Nxd4 Nf6 5. Nc3 Nc6 6. Be3 Bb4 7. Nxc6 bxc6 8.
Bd3 d5 9. exd5 exd5 10. Bd2 O-O 11. O-O Bg4 12. Be2 Bf5 13. Bd3 Bg4 14. Be2 Be6
15. Bg5 Be7 16. Bf3 Qa5 17. Qd2 Kh8 18. a3 Rad8 19. b4 Qc7 20. Bf4 Bd6 21. Bxd6
Rxd6 22. Rad1 Rdd8 23. Na4 Nd7 24. Qd4 Bf5 25. Nc5 Bxc2 26. Rc1 Bf5 27. Rfe1
Rde8 28. g4 Nxc5 29. Qxc5 Qf4 30. gxf5 Qxf3 31. Rxe8 Rxe8 32. Qxc6 Qg4+ 33. Kh1
Qe4+ 34. Kg1 h6 35. f6 Qg4+ 36. Kh1 Qf3+ 37. Kg1 Rg8 38. fxg7+ Rxg7+ 39. Kf1
Qd3+ 0-1

[Event "4NCL 3 South pool A"]
[Site "Maidenhead, ENG"]
[Date "2019.11.09"]
[Round "1.33"]
[White "Frostick, Clive A"]
[Black "Byway, Paul V"]
[Result "0-1"]
[WhiteElo "2106"]
[BlackElo "2030"]
[PlyCount "80"]
[EventDate "2019.11.09"]
[WhiteTeam "CSC 1"]
[BlackTeam "Poisoned Pawns 1"]

1. e4 c5 2. Nf3 e6 3. b3 Nc6 4. Bb2 d6 5. Bb5 Bd7 6. O-O Nf6 7. Re1 Be7 8. c3
O-O 9. d4 Nxd4 10. cxd4 Bxb5 11. Nc3 Bc6 12. d5 Bd7 13. dxe6 Bxe6 14. Qd3 Ng4
15. Rad1 c4 16. bxc4 Nxf2 17. Kxf2 Qb6+ 18. c5 Qxb2+ 19. Re2 Qb4 20. cxd6 Bxd6
21. Qxd6 Qxc3 22. Red2 Rac8 23. Nd4 Bg4 24. Rd3 Qc5 25. Qxc5 Rxc5 26. R1d2 g6
27. h3 Bc8 28. Nb3 Re5 29. Rd8 Rxe4 30. Kf3 Ree8 31. R8d6 b6 32. g4 Bb7+ 33.
Kf4 Re4+ 34. Kg5 Kg7 35. Rd7 h6+ 36. Kh4 Bc8 37. R7d3 h5 38. Rd4 Rfe8 39. Kg3
Re3+ 40. Kg2 Bb7+ 0-1

[Event "4NCL 3 South pool A"]
[Site "Maidenhead, ENG"]
[Date "2019.11.09"]
[Round "1.35"]
[White "Scrimgour, Alan"]
[Black "Rosen, Daniel B"]
[Result "0-1"]
[WhiteElo "2065"]
[BlackElo "1990"]
[PlyCount "62"]
[EventDate "2019.11.09"]
[WhiteTeam "CSC 1"]
[BlackTeam "Poisoned Pawns 1"]

1. e4 d6 2. d4 g6 3. Nc3 Bg7 4. f4 Nf6 5. Nf3 c5 6. dxc5 Qa5 7. Bd3 Qxc5 8. Qe2
Nc6 9. Be3 Qa5 10. O-O Bg4 11. h3 Bxf3 12. Qxf3 O-O 13. Ne2 Nd7 14. c3 Nde5 15.
fxe5 Nxe5 16. Qg3 Nxd3 17. Bg5 Nxb2 18. Bxe7 Rfe8 19. Bxd6 Nc4 20. Bf4 Rxe4 21.
Qd3 Rae8 22. Ng3 Qc5+ 23. Kh1 R4e6 24. Rab1 Qc6 25. Rbc1 h5 26. Rf2 h4 27. Ne2
Qe4 28. Qd1 Nb2 29. Qb3 Nd3 30. Rcf1 Nxf2+ 31. Rxf2 Rb6 0-1

[Event "4NCL 3 South pool A"]
[Site "Maidenhead, ENG"]
[Date "2019.11.09"]
[Round "1.36"]
[White "Judkins, Brian D"]
[Black "Rice, Chris B"]
[Result "0-1"]
[WhiteElo "1723"]
[BlackElo "2017"]
[PlyCount "112"]
[EventDate "2019.11.09"]
[WhiteTeam "Poisoned Pawns 1"]
[BlackTeam "CSC 1"]

1. e4 g6 2. d4 Bg7 3. c3 d6 4. Bd3 e5 5. Ne2 Nc6 6. Be3 Nf6 7. h3 d5 8. Nd2 O-O
9. O-O dxe4 10. Nxe4 Nxe4 11. Bxe4 exd4 12. Nxd4 Nxd4 13. Bxd4 Bxd4 14. cxd4
Qf6 15. Qf3 Qb6 16. Qc3 Bd7 17. Rac1 Rac8 18. Qc5 c6 19. b4 Rfe8 20. Bf3 Qa6
21. Qc4 Qxc4 22. Rxc4 Be6 23. Rc2 Rcd8 24. Rd2 Bd5 25. Bxd5 Rxd5 26. Rfd1 Re4
27. Kf1 Kg7 28. a3 Kf6 29. Rd3 Re6 30. R1d2 Ke7 31. Rd1 Kd7 32. Re3 Red6 33.
Red3 b6 34. Ke2 a5 35. Ke3 axb4 36. axb4 Rb5 37. Rb1 Ke6 38. Kd2 Kd5 39. Kc3
Re6 40. Rb2 Kd6 41. Rd1 Re4 42. Rd3 Re1 43. Rdd2 Rc1+ 44. Rdc2 Rg1 45. g3 g5
46. Re2 Rf5 47. Ra2 Rf3+ 48. Kc2 Rf1 49. Ra7 R1xf2 50. Kd2 Rxe2+ 51. Kxe2 Rxg3
52. Rxf7 Rxh3 53. Rf6+ Kd5 54. Rf5+ Kxd4 55. Rxg5 c5 56. bxc5 bxc5 0-1

[Event "4NCL 3 South pool A"]
[Site "Maidenhead, ENG"]
[Date "2019.11.09"]
[Round "1.41"]
[White "Burrows, Nick"]
[Black "Brown, Thomas"]
[Result "0-1"]
[WhiteElo "2065"]
[BlackElo "2095"]
[PlyCount "92"]
[EventDate "2019.11.09"]
[WhiteTeam "Oxford 3"]
[BlackTeam "Rhyfelwyr Essyllwg"]

1. d4 Nf6 2. Nf3 g6 3. g3 Bg7 4. Bg2 O-O 5. O-O d6 6. c4 c5 7. Nc3 Nc6 8. d5
Na5 9. Qd3 a6 10. Bd2 Rb8 11. b3 b5 12. Rac1 Bg4 13. Rfe1 bxc4 14. bxc4 Rb2 15.
Rb1 Rxb1 16. Rxb1 Nd7 17. Ne4 Bxf3 18. Bxf3 Ne5 19. Bxa5 Qxa5 20. Qc2 Bh6 21.
h4 f5 22. Ng5 Bxg5 23. hxg5 f4 24. g4 Qc7 25. Be4 Rb8 26. f3 Rb4 27. Bd3 Qb6
28. Rb3 Rxb3 29. axb3 Qb4 30. Kf2 a5 31. Be4 Kf8 32. Qc1 Qxb3 33. Qxf4+ Kg7 34.
Qc1 Qxc4 35. Qa1 Qd4+ 36. Qxd4 cxd4 37. Ke1 h6 38. Kd2 hxg5 39. Kc2 Kf6 40. Kb3
Nd7 41. Kc4 Ke5 42. Bxg6 Nb6+ 43. Kb5 Nxd5 44. Kxa5 Nf4 45. Bh7 Nxe2 46. Kb4
Kf4 0-1

[Event "4NCL 3 South pool A"]
[Site "Maidenhead, ENG"]
[Date "2019.11.09"]
[Round "1.42"]
[White "Hewitt, William"]
[Black "Moyse, Nigel John"]
[Result "1/2-1/2"]
[WhiteElo "2004"]
[BlackElo "2055"]
[PlyCount "88"]
[EventDate "2019.11.09"]
[WhiteTeam "Rhyfelwyr Essyllwg"]
[BlackTeam "Oxford 3"]

1. e4 d6 2. d4 Nf6 3. Nc3 g6 4. Bg5 Bg7 5. f3 c6 6. Qd2 h6 7. Be3 b5 8. e5 b4
9. exf6 bxc3 10. Qxc3 Bxf6 11. Bd3 Qb6 12. Ne2 Ba6 13. O-O Nd7 14. Bxa6 Qxa6
15. Qd2 Nb6 16. b3 Nd5 17. Bf2 Bg7 18. c4 Nf6 19. Nc3 O-O 20. Rfe1 Rfe8 21. d5
Rac8 22. dxc6 Rxc6 23. Nb5 e6 24. Nxa7 Rc7 25. Nb5 Rd7 26. a4 Rc8 27. Rac1 Kh7
28. Bd4 e5 29. Bb2 Nh5 30. Red1 f5 31. Ba3 d5 32. cxd5 Rcd8 33. d6 Nf4 34. g3
Nh3+ 35. Kg2 Ng5 36. h4 Nf7 37. Qd5 e4 38. fxe4 Nxd6 39. Rc6 Nxe4 40. Rxa6 Rxd5
41. Rxd5 Rxd5 42. Ra7 Rd2+ 43. Kf3 Rd3+ 44. Kg2 Rd2+ 1/2-1/2

[Event "4NCL 3 South pool A"]
[Site "Maidenhead, ENG"]
[Date "2019.11.09"]
[Round "1.43"]
[White "MacQueen, Stuart"]
[Black "Heaven, Pete"]
[Result "1/2-1/2"]
[WhiteElo "2057"]
[BlackElo "1995"]
[PlyCount "90"]
[EventDate "2019.11.09"]
[WhiteTeam "Oxford 3"]
[BlackTeam "Rhyfelwyr Essyllwg"]

1. d4 Nf6 2. c4 e6 3. Nf3 c5 4. d5 b5 5. Nc3 b4 6. Nb1 exd5 7. cxd5 Bb7 8. Bg5
h6 9. Bxf6 Qxf6 10. e4 Qxb2 11. Nbd2 Be7 12. Bc4 O-O 13. O-O d6 14. Rb1 Qf6 15.
Qa4 Rd8 16. e5 dxe5 17. Ne4 Qb6 18. Nxe5 Bd6 19. f4 Qc7 20. Rbe1 Nd7 21. Nxd7
Qxd7 22. Qa5 Qc7 23. Qb5 a6 24. Qa4 Qd7 25. Qb3 a5 26. a4 Ba6 27. Bxa6 Rxa6 28.
f5 f6 29. Qc4 Raa8 30. Nxd6 Qxd6 31. Re6 Qd7 32. Rfe1 Kh7 33. d6 Re8 34. Qg4
Rg8 35. Qg6+ Kh8 36. R1e3 b3 37. Rxb3 Qxa4 38. Rb1 Qd4+ 39. Kh1 a4 40. Rbe1 a3
41. d7 Qxd7 42. Ra1 a2 43. Ree1 Qd3 44. h3 Rgb8 45. Rxa2 Rxa2 1/2-1/2

[Event "4NCL 3 South pool A"]
[Site "Maidenhead, ENG"]
[Date "2019.11.09"]
[Round "1.44"]
[White "Ralphs, Nigel"]
[Black "Wilson, Edgar"]
[Result "1/2-1/2"]
[WhiteElo "1984"]
[BlackElo "2012"]
[PlyCount "69"]
[EventDate "2019.11.09"]
[WhiteTeam "Rhyfelwyr Essyllwg"]
[BlackTeam "Oxford 3"]

1. c4 e6 2. Nc3 d5 3. e3 Nf6 4. Nf3 Be7 5. b3 O-O 6. Bb2 b6 7. cxd5 Nxd5 8. d4
Bb7 9. Bd3 Nd7 10. O-O Nxc3 11. Bxc3 Bf6 12. Rc1 g6 13. Qe2 Qe7 14. Rfd1 e5 15.
dxe5 Nxe5 16. Nxe5 Bxe5 17. Ba6 Bxa6 18. Qxa6 Bxc3 19. Rxc3 Rfd8 20. Rcd3 c5
21. g3 Rxd3 22. Qxd3 a5 23. a4 Qe6 24. Qc4 Re8 25. Qxe6 Rxe6 26. Rd8+ Kg7 27.
Rb8 Kf6 28. Rb7 Rd6 29. Kf1 Ke6 30. Ke2 h5 31. e4 f5 32. exf5+ Kxf5 33. f3 Ke5
34. Ke3 Kd5 35. Rc7 1/2-1/2

[Event "4NCL 3 South pool A"]
[Site "Maidenhead, ENG"]
[Date "2019.11.09"]
[Round "1.45"]
[White "Rasanen, Otto"]
[Black "Trevelyan, John"]
[Result "1-0"]
[WhiteElo "1916"]
[BlackElo "2010"]
[PlyCount "79"]
[EventDate "2019.11.09"]
[WhiteTeam "Oxford 3"]
[BlackTeam "Rhyfelwyr Essyllwg"]

1. d4 d6 2. Nf3 Nd7 3. c4 e5 4. Nc3 Ngf6 5. g3 Be7 6. Bg2 O-O 7. O-O c6 8. e4
Qc7 9. h3 Re8 10. Be3 Bf8 11. Rc1 exd4 12. Nxd4 Nc5 13. Qc2 Ne6 14. b3 g6 15.
Rcd1 Bg7 16. Nxe6 fxe6 17. Rd3 e5 18. Qd2 Bf8 19. f4 Be7 20. f5 Rf8 21. g4 Rf7
22. Bg5 gxf5 23. exf5 Bd7 24. Bxf6 Rxf6 25. Ne4 Raf8 26. Nxf6+ Rxf6 27. Be4 Rf7
28. f6 Qb6+ 29. Kg2 Bf8 30. Qg5+ Kh8 31. Qh5 Be6 32. Bf5 Bxf5 33. Qxf7 Be4+ 34.
Kg3 Qd8 35. Rd2 Bg6 36. Qxb7 d5 37. cxd5 e4 38. d6 e3 39. Qc7 Qe8 40. d7 1-0

[Event "4NCL 3 South pool A"]
[Site "Maidenhead, ENG"]
[Date "2019.11.09"]
[Round "1.46"]
[White "Van Kemenade, Rudy"]
[Black "Hadi, Justin"]
[Result "1-0"]
[WhiteElo "1885"]
[BlackElo "1978"]
[PlyCount "107"]
[EventDate "2019.11.09"]
[WhiteTeam "Rhyfelwyr Essyllwg"]
[BlackTeam "Oxford 3"]

1. e4 c5 2. Nf3 g6 3. d4 cxd4 4. Qxd4 Nf6 5. Nc3 Nc6 6. Qa4 Bg7 7. e5 Ng8 8.
Bf4 f6 9. exf6 Nxf6 10. O-O-O d6 11. Nb5 O-O 12. Bc4+ Kh8 13. Ng5 Nh5 14. Bg3
Bh6 15. f4 Bxg5 16. fxg5 Nxg3 17. hxg3 Qa5 18. Qxa5 Nxa5 19. Bd5 Nc6 20. Nc7
Rb8 21. Rh6 Kg7 22. Rdh1 Rh8 23. Ne8+ Kf8 24. Nf6 exf6 25. gxf6 Nd8 26. Rxh7
Rxh7 27. Rxh7 Ke8 28. Rh8+ Kd7 29. f7 Nxf7 30. Rh7 Kc7 31. Bxf7 g5 32. Rg7 g4
33. Be6+ Kc6 34. Bxc8 Rxc8 35. Rxg4 Rf8 36. Rf4 Rg8 37. g4 Kd7 38. Kd2 Ke6 39.
Ke3 d5 40. Kf3 Rc8 41. c3 Rc7 42. g5 Ke5 43. Kg4 Rg7 44. g3 b5 45. Kh5 Rh7+ 46.
Kg6 Rh3 47. Rf2 Rxg3 48. Kh6 Ke6 49. g6 a6 50. Kh7 Rh3+ 51. Kg8 Rg3 52. g7 Ke7
53. Re2+ Kd6 54. Rh2 1-0

[Event "4NCL 3 South pool A"]
[Site "Maidenhead, ENG"]
[Date "2019.11.10"]
[Round "2.11"]
[White "Scott, David A"]
[Black "Lukosius, Rolandas"]
[Result "1/2-1/2"]
[WhiteElo "2141"]
[BlackElo "2115"]
[PlyCount "132"]
[EventDate "2019.11.10"]
[WhiteTeam "Surbiton"]
[BlackTeam "Wessex A"]

1. d4 Nf6 2. c4 g6 3. Nf3 Bg7 4. e3 O-O 5. Be2 d6 6. O-O Nbd7 7. Nc3 e5 8. Qc2
c6 9. dxe5 dxe5 10. Rd1 Re8 11. Rb1 e4 12. Nd2 Qe7 13. b4 a5 14. a3 Nf8 15. c5
axb4 16. axb4 Ng4 17. Ndxe4 Qh4 18. h3 Nh6 19. Nd6 Bxh3 20. gxh3 Re5 21. e4 Ne6
22. Rd3 f5 23. Nc4 fxe4 24. Nxe5 exd3 25. Nxd3 Nd4 26. Qd1 Qxh3 27. Ne4 Ra2 28.
Bb2 Nxe2+ 29. Qxe2 Ng4 30. Ng3 Qh2+ 31. Kf1 Qh3+ 32. Ke1 Bc3+ 33. Kd1 Nf6 34.
Kc2 Nd5 35. Kb3 Rxb2+ 36. Rxb2 Bxb2 37. Kxb2 Qh4 38. Qe4 Qf6+ 39. Qe5 Kf7 40.
Qxf6+ Nxf6 41. Kc3 h5 42. Kd4 h4 43. Ne4 Nh7 44. Ne5+ Kg7 45. f4 Nf6 46. Nxf6
Kxf6 47. Ke4 h3 48. Nf3 Kg7 49. Nh2 Kf6 50. Ng4+ Ke6 51. Nh2 Kf6 52. Nf3 Kg7
53. Ke5 Kh6 54. f5 gxf5 55. Kxf5 Kh5 56. Nh2 Kh4 57. Kf4 Kh5 58. Kf5 Kh4 59.
Kf4 Kh5 60. Kg3 Kg5 61. Nf1 Kf5 62. Kf3 Ke5 63. Ke3 Kd5 64. Kd3 Ke5 65. Ke3 Kd5
66. Kd3 Ke5 1/2-1/2

[Event "4NCL 3 South pool A"]
[Site "Maidenhead, ENG"]
[Date "2019.11.10"]
[Round "2.12"]
[White "Gill, Oliver"]
[Black "Ratnesan, Ranesh"]
[Result "0-1"]
[WhiteElo "2109"]
[BlackElo "2180"]
[PlyCount "52"]
[EventDate "2019.11.10"]
[WhiteTeam "Wessex A"]
[BlackTeam "Surbiton"]

1. e4 c5 2. Nf3 d6 3. d4 cxd4 4. Qxd4 Nc6 5. Bb5 Bd7 6. Bxc6 Bxc6 7. Nc3 e5 8.
Qc4 h6 9. Be3 Nf6 10. O-O-O Qa5 11. b4 Qa3+ 12. Kb1 Rc8 13. Bc1 Qa6 14. b5 Qa5
15. bxc6 Rxc6 16. Qa4 Qxc3 17. Bb2 Qc5 18. Rd3 b5 19. Qa5 Qxc2+ 20. Ka1 Qxd3
21. Qxa7 Rc8 22. Qb7 Rd8 23. Nh4 Qxe4 24. Qxb5+ Nd7 25. Nf3 Rb8 26. Qa5 Qb4 0-1

[Event "4NCL 3 South pool A"]
[Site "Maidenhead, ENG"]
[Date "2019.11.10"]
[Round "2.13"]
[White "Seymour, Timothy P"]
[Black "Wilson, Jaimie"]
[Result "1/2-1/2"]
[WhiteElo "2099"]
[BlackElo "2097"]
[PlyCount "74"]
[EventDate "2019.11.10"]
[WhiteTeam "Surbiton"]
[BlackTeam "Wessex A"]

1. e3 Nf6 2. c4 e5 3. Nc3 Nc6 4. Nf3 Bb4 5. Qc2 Bxc3 6. bxc3 O-O 7. e4 d6 8. g3
b6 9. d3 Bb7 10. Be2 Ne7 11. Nh4 Nd7 12. O-O f5 13. exf5 Nxf5 14. Nxf5 Rxf5 15.
Bg4 Rf8 16. f4 Nf6 17. Be6+ Kh8 18. Qe2 exf4 19. Bxf4 Re8 20. d4 d5 21. Rae1
Ba6 22. Qc2 Bxc4 23. Rf3 Ne4 24. Bf5 Rf8 25. Be5 Nd6 26. Bxh7 Rxf3 27. Bxg7+
Kxg7 28. Qg6+ Kh8 29. Qh5 Rf1+ 30. Rxf1 Bxf1 31. Be4+ Kg7 32. Qg6+ Kf8 33. Bxd5
Qd7 34. Qg8+ Ke7 35. Qg5+ Kf8 36. Qg8+ Ke7 37. Qg5+ Kf8 1/2-1/2

[Event "4NCL 3 South pool A"]
[Site "Maidenhead, ENG"]
[Date "2019.11.10"]
[Round "2.14"]
[White "Cleary, Mark"]
[Black "Faulks, Nick"]
[Result "1-0"]
[WhiteElo "2059"]
[BlackElo "1918"]
[PlyCount "59"]
[EventDate "2019.11.10"]
[WhiteTeam "Wessex A"]
[BlackTeam "Surbiton"]

1. e4 c5 2. Nf3 d6 3. d4 cxd4 4. Nxd4 a6 5. h3 e5 6. Nf3 Nf6 7. Bg5 Qb6 8. Nbd2
Be6 9. Bxf6 gxf6 10. Bd3 Qxb2 11. Rb1 Qxa2 12. Rxb7 Bh6 13. O-O O-O 14. Qe2 Rc8
15. Nb3 Nd7 16. Nh4 Nc5 17. Nxc5 dxc5 18. Nf5 Bf8 19. Qg4+ Kh8 20. Qh4 Bg7 21.
f4 c4 22. Nxg7 Kxg7 23. fxe5 cxd3 24. Qxf6+ Kg8 25. Rf3 Bg4 26. Rxf7 Qxf7 27.
Qxf7+ Kh8 28. Qf6+ Kg8 29. Qg5+ Kh8 30. Rf7 1-0

[Event "4NCL 3 South pool A"]
[Site "Maidenhead, ENG"]
[Date "2019.11.10"]
[Round "2.15"]
[White "Way, Julian M"]
[Black "Cooper, Paul F"]
[Result "0-1"]
[WhiteElo "1967"]
[BlackElo "2080"]
[PlyCount "84"]
[EventDate "2019.11.10"]
[WhiteTeam "Surbiton"]
[BlackTeam "Wessex A"]

1. d4 Nf6 2. Nc3 d5 3. Bg5 e6 4. Nf3 h6 5. Bh4 c5 6. e3 Nc6 7. a3 Be7 8. Bb5
O-O 9. O-O a6 10. Bxc6 bxc6 11. Ne5 Bb7 12. Rb1 cxd4 13. exd4 c5 14. Re1 Rc8
15. Ne2 Nd7 16. Bg3 Nxe5 17. dxe5 d4 18. Nf4 g6 19. Qd3 c4 20. Qe2 Qc7 21. Rbd1
Rfd8 22. h4 Qc6 23. Qg4 Kh7 24. f3 Rd7 25. Bf2 Bc5 26. Nh3 Rcd8 27. Qf4 Qb6 28.
Qc1 a5 29. Rd2 a4 30. Rde2 Ba6 31. Re4 Rb8 32. Qf4 Qxb2 33. Qf6 Rg8 34. Ng5+
hxg5 35. hxg5 Rg7 36. Rh4+ Kg8 37. Ree4 Qc1+ 38. Re1 Qd2 39. Rb1 Bb7 40. Be1
Qe3+ 41. Bf2 Qxa3 42. g3 Qxf3 0-1

[Event "4NCL 3 South pool A"]
[Site "Maidenhead, ENG"]
[Date "2019.11.10"]
[Round "2.16"]
[White "Mcleod, Fraser"]
[Black "Alcock, Graham P"]
[Result "1/2-1/2"]
[WhiteElo "2041"]
[BlackElo "1810"]
[PlyCount "95"]
[EventDate "2019.11.10"]
[WhiteTeam "Wessex A"]
[BlackTeam "Surbiton"]

1. c4 Nf6 2. Nc3 c5 3. g3 Nc6 4. Bg2 g6 5. d3 Bg7 6. e4 d6 7. Nge2 e5 8. h3 Bd7
9. Be3 Nd4 10. O-O h5 11. Bg5 Ne6 12. Bxf6 Bxf6 13. Nd5 Nd4 14. Nxd4 cxd4 15.
Qd2 Be6 16. Qb4 Bxd5 17. cxd5 Qd7 18. Rac1 O-O 19. Kh2 Bg5 20. Qc4 a5 21. Qb3
Rfc8 22. Rxc8+ Qxc8 23. h4 Bf6 24. Bh3 Qb8 25. Rc1 Kg7 26. Qb5 Qa7 27. Rc7 Rd8
28. Be6 Rf8 29. Qd7 Qb6 30. Bxf7 Rd8 31. Rxb7 Rxd7 32. Rxb6 Rxf7 33. Rxd6 Be7
34. Re6 Bc5 35. Kg2 Rb7 36. b3 a4 37. bxa4 Ra7 38. Rxe5 Rxa4 39. Re6 Kf7 40.
Rc6 Ra5 41. Rc7+ Ke8 42. Rc6 Bb4 43. Rxg6 Rxa2 44. Rf6 Rd2 45. Rf3 Ra2 46. Rf5
Rd2 47. Rf3 Re2 48. Rf5 1/2-1/2

[Event "4NCL 3 South pool A"]
[Site "Maidenhead, ENG"]
[Date "2019.11.10"]
[Round "2.21"]
[White "Brown, Thomas"]
[Black "Dos Santos Oliveira, Sancho"]
[Result "1-0"]
[WhiteElo "2095"]
[BlackElo "2267"]
[PlyCount "91"]
[EventDate "2019.11.10"]
[WhiteTeam "Rhyfelwyr Essyllwg"]
[BlackTeam "CSC 1"]

1. c4 c6 2. e4 d5 3. exd5 cxd5 4. cxd5 Nf6 5. Nc3 g6 6. Bc4 Bg7 7. Nf3 O-O 8.
a4 b6 9. O-O Bb7 10. Qb3 Na6 11. Ne5 Qd6 12. d4 Nc7 13. Bf4 Ncxd5 14. Bg3 Qd8
15. a5 e6 16. a6 Bc8 17. Nc6 Qe8 18. Nxd5 Nxd5 19. Bxd5 exd5 20. Qxd5 Bd7 21.
Rac1 Bxc6 22. Rxc6 Rd8 23. Qf3 f5 24. Rc7 Rd7 25. Rxd7 Qxd7 26. Qb3+ Kh8 27.
Be5 f4 28. Bxg7+ Kxg7 29. Re1 Rf7 $11 30. d5 Rf5 31. Rd1 f3 32. Qc3+ Kh6 33.
Qe3+ Kg7 34. d6 fxg2 35. Qe5+ Rf6 36. Rc1 Qxd6 37. Rc7+ Kf8 38. Qxd6+ Rxd6 39.
Rxa7 b5 40. b4 Kg8 41. Kxg2 Rf6 42. f4 h6 43. Kf3 g5 44. Ra8+ Kg7 45. a7 Ra6
46. f5 1-0

[Event "4NCL 3 South pool A"]
[Site "Maidenhead, ENG"]
[Date "2019.11.10"]
[Round "2.22"]
[White "Farrand, Tom"]
[Black "Hewitt, William"]
[Result "1/2-1/2"]
[WhiteElo "2150"]
[BlackElo "2004"]
[PlyCount "57"]
[EventDate "2019.11.10"]
[WhiteTeam "CSC 1"]
[BlackTeam "Rhyfelwyr Essyllwg"]

1. e4 c6 2. d4 d5 3. Nc3 dxe4 4. Nxe4 Nd7 5. Bc4 Ngf6 6. Nxf6+ Nxf6 7. Nf3 Bf5
8. O-O e6 9. Re1 Be7 10. c3 Bg4 11. Qd3 O-O 12. Ne5 Bf5 13. Qf3 h6 14. Bf4 Nd5
15. Bg3 Bf6 16. Bd3 Bxd3 17. Nxd3 g6 18. Be5 Bg7 19. Re2 Qe7 20. Rae1 Rac8 21.
Qh3 Kh7 22. a3 a5 23. c4 Nf6 24. Qf3 Rfd8 25. h3 b5 26. c5 Kg8 27. Nf4 Ne8 28.
Qc3 a4 29. Re3 1/2-1/2

[Event "4NCL 3 South pool A"]
[Site "Maidenhead, ENG"]
[Date "2019.11.10"]
[Round "2.23"]
[White "Heaven, Pete"]
[Black "Frostick, Clive A"]
[Result "1/2-1/2"]
[WhiteElo "1995"]
[BlackElo "2106"]
[PlyCount "25"]
[EventDate "2019.11.10"]
[WhiteTeam "Rhyfelwyr Essyllwg"]
[BlackTeam "CSC 1"]

1. e4 c5 2. Nf3 Nf6 3. Nc3 Nc6 4. d4 d5 5. exd5 Nxd5 6. Bc4 Nxc3 7. bxc3 e6 8.
O-O Be7 9. Qe2 O-O 10. Rd1 Qc7 11. Qe4 cxd4 12. Bf4 Qa5 13. cxd4 1/2-1/2

[Event "4NCL 3 South pool A"]
[Site "Maidenhead, ENG"]
[Date "2019.11.10"]
[Round "2.24"]
[White "Fegan, Chris"]
[Black "Ralphs, Nigel"]
[Result "1/2-1/2"]
[WhiteElo "2070"]
[BlackElo "1984"]
[PlyCount "39"]
[EventDate "2019.11.10"]
[WhiteTeam "CSC 1"]
[BlackTeam "Rhyfelwyr Essyllwg"]

1. d4 Nf6 2. c4 e6 3. a3 d5 4. Nc3 c6 5. Bg5 h6 6. Bh4 Be7 7. e3 Nbd7 8. Bd3
O-O 9. Nge2 dxc4 10. Bxc4 b5 11. Bd3 a6 12. b4 a5 13. bxa5 Qxa5 14. O-O Bxa3
15. Nb1 b4 16. Qd2 Ba6 17. Rxa3 bxa3 18. Qxa5 Bxd3 19. Qc3 Bxe2 20. Nxa3
1/2-1/2

[Event "4NCL 3 South pool A"]
[Site "Maidenhead, ENG"]
[Date "2019.11.10"]
[Round "2.25"]
[White "Trevelyan, John"]
[Black "Scrimgour, Alan"]
[Result "1/2-1/2"]
[WhiteElo "2010"]
[BlackElo "2065"]
[PlyCount "32"]
[EventDate "2019.11.10"]
[WhiteTeam "Rhyfelwyr Essyllwg"]
[BlackTeam "CSC 1"]

1. d4 Nf6 2. c4 e6 3. Nf3 b6 4. g3 Ba6 5. b3 Bb4+ 6. Bd2 Be7 7. Bg2 Bb7 8. Nc3
d5 9. cxd5 exd5 10. O-O O-O 11. Rc1 Nbd7 12. Bg5 Re8 13. Qd3 Ne4 14. Bxe7 Rxe7
15. Rfd1 a5 16. e3 Rc8 1/2-1/2

[Event "4NCL 3 South pool A"]
[Site "Maidenhead, ENG"]
[Date "2019.11.10"]
[Round "2.26"]
[White "Rice, Chris B"]
[Black "Van Kemenade, Rudy"]
[Result "1-0"]
[WhiteElo "2017"]
[BlackElo "1885"]
[PlyCount "87"]
[EventDate "2019.11.10"]
[WhiteTeam "CSC 1"]
[BlackTeam "Rhyfelwyr Essyllwg"]

1. c4 e5 2. g3 h5 3. Bg2 h4 4. Nc3 d6 5. e4 Nc6 6. Nge2 Bg4 7. h3 Be6 8. Nd5
hxg3 9. fxg3 Nce7 10. d4 c6 11. Ne3 f6 12. d5 cxd5 13. cxd5 Bd7 14. Qb3 b5 15.
Bd2 Rc8 16. Nc3 Qb6 17. a4 bxa4 18. Qxb6 axb6 19. Bf1 Ra8 20. Nb5 Bxb5 21.
Bxb5+ Kf7 22. Nc4 Nc8 23. Be3 Rb8 24. Rxa4 f5 25. Bd7 fxe4 26. Rb4 Nf6 27. Be6+
Kg6 28. Nxb6 Ne7 29. O-O Nexd5 30. Bxd5 Rxb6 31. Rxf6+ gxf6 32. Rxb6 Rxh3 33.
Kg2 Rh7 34. Bxe4+ f5 35. Bd5 Rc7 36. Rc6 Rd7 37. Rc8 Bg7 38. b4 f4 39. gxf4
exf4 40. Bxf4 Kf5 41. Be3 Ke5 42. Bc6 Re7 43. b5 d5 44. Rd8 1-0

[Event "4NCL 3 South pool A"]
[Site "Maidenhead, ENG"]
[Date "2019.11.10"]
[Round "2.31"]
[White "Madden, Paul"]
[Black "Burrows, Martin P"]
[Result "1/2-1/2"]
[WhiteElo "2125"]
[BlackElo "2153"]
[PlyCount "39"]
[EventDate "2019.11.10"]
[WhiteTeam "Ashfield 1"]
[BlackTeam "The Rookies"]

1. e4 c5 2. f4 d5 3. exd5 Nf6 4. Bb5+ Bd7 5. Bxd7+ Qxd7 6. c4 e6 7. Qe2 Bd6 8.
f5 O-O 9. fxe6 fxe6 10. dxe6 Qc7 11. Nf3 Nc6 12. Nc3 a6 13. Nd5 Nxd5 14. cxd5
Nb4 15. O-O Nxd5 16. d3 Rae8 17. Bg5 $11 h6 18. e7 Nxe7 19. Qe6+ Kh8 20. Rae1
1/2-1/2

[Event "4NCL 3 South pool A"]
[Site "Maidenhead, ENG"]
[Date "2019.11.10"]
[Round "2.32"]
[White "Jones, Christopher M"]
[Black "Jarvis, Derek A"]
[Result "1-0"]
[WhiteElo "2124"]
[BlackElo "1997"]
[PlyCount "81"]
[EventDate "2019.11.10"]
[WhiteTeam "The Rookies"]
[BlackTeam "Ashfield 1"]

1. e4 e5 2. Nf3 Nc6 3. Bc4 Be7 4. O-O Nf6 5. d3 O-O 6. Re1 d6 7. a4 Be6 8. Bxe6
fxe6 9. c3 Qd7 10. b4 a6 11. Nbd2 Kh8 12. Nf1 Rae8 13. b5 axb5 14. axb5 Nd8 15.
Qb3 Nh5 16. d4 exd4 17. cxd4 Rf7 18. Ng5 Bxg5 19. Bxg5 h6 20. Be3 Nf6 21. f3
Rfe7 22. Ra7 Rf8 23. Ng3 Qe8 24. Ra8 Qf7 25. b6 c6 26. Bc1 Rd7 27. Ba3 Re8 28.
e5 dxe5 29. dxe5 Nd5 30. Ne4 Qf4 31. Nc5 Qd4+ 32. Kh1 Qf2 33. Rg1 Rf7 34. Nxe6
Rxe6 35. Rxd8+ Kh7 36. Qd3+ g6 37. Rd6 Nf4 38. Qc4 Ree7 39. Rf6 Rxf6 40. exf6
Ne2 41. Bc5 1-0